00488 2200181 4500245008600000020001800086250001100104100002100115700001700136700001800153650001700171005001900188260003100207041001400238084001300252300003200265336000900297 aPsychic Detective Yakumo b : The Alternate Story Vol. 4cKaminaga, ManabuhText a9786022107750 aCet. 1 aKaminaga, Manabu aYoke Yuliana aAswini Rosita aKomik Jepang a20230228084449 aJakartabPT Gramediac2012 aIndonesia a741.5592 a... jil. :bilus. ;c18 cm. atext